000 00329nam a22001457a 4500
008 230317b ||||| |||| 00| 0 eng d
020 _a9781617312120
041 _aeng
080 _a521
082 _a521REY
100 _a10
101 _aASTRO
245 _aA LABORATORY GUIDE FOR ASTRONOMY
_cREYNOLDS D.M
942 _2udc
_cBK
999 _c59379
_d59379